Statistics for World Languages by Letter - M

Click here to take the quiz!

General Stats

  • This quiz has been taken 90 times
  • The average score is 12 of 20

Answer Stats

ClueLanguage% Correct
Most spoken by native speakersMandarin
97%
Genghis Khan's native languageMongolian
94%
"Bahasa" means "language" in itMalay
90%
Aotearoa is its native homeMāori
81%
Mutually intelligible with BulgarianMacedonian
80%
Smallest of the Serbo-Croatian languagesMontenegrin
78%
Official Semitic language of the EUMaltese
73%
Language of the Isle of ManManx
63%
Official language of MaharashtraMarathi
61%
Native American language with
namesake of an unsual hairstyle
Mohawk
61%
Spoken mainly in northeastern ChinaManchu
53%
Official language of KeralaMalayalam
52%
Main Chinese dialect of TaiwanMin Nan
51%
Westernmost Austronesian languageMalagasy
49%
Spoken in the movie "Apocalypto"Mayan
39%
Spoken mainly on the Indonesian
island of Madura
Madurese
37%
East African language aka "Maa"Maasai
33%
Southernmost Indo-European language,
before the European expansion
Maldivian
30%
Nepal's second-most spoken.
Also spoken in neighboring India
Maithili
28%
Burkina Faso's largest local languageMossi
23%

Score Distribution

Percentile by Number Answered

Percent of People with Each Score

Your Score History

You have not taken this quiz